000 00485nam a2200181 i 4500
001 bgj
100 1 _aSKINNER, Carol
245 1 0 _aEnglish together :
_bstarter book /
_cCarol Skinner.
260 _aHarlow, Essex :
_bLongman,
_c1991.
300 _a64 pp :
_bill. ;
_c27 cm.
650 9 _aEnglish language
_xTextbooks fo foreigners
020 _a058207844X
040 _cBPK
041 0 _aeng
920 _a0-582-07844-X
942 _cKS
008 s uk f |000 0 eng
999 _c47458
_d47458
856 _uhttp://koha.tu.koszalin.pl/cgi-bin/koha/opac-detail.pl?biblionumber=47458
_yKatalog online BPK